LEADER 00841nam0-2200313---450- 001 990009165040403321 005 20100325124914.0 010 $a0408196009 035 $a000916504 035 $aFED01000916504 035 $a(Aleph)000916504FED01 035 $a000916504 100 $a20100325d1964----km-y0itay50------ba 101 0 $aeng 102 $aGB 105 $aa-------001yy 200 1 $aFish and river pollution$fJ. R. Erichsen Jones 210 $aLondon$cButterworths$d1964 215 $aVIII, 203 p.$cill.$d23 cm 610 0 $aAcqua$aInquinamento 676 $a597 700 1$aJones,$bJohn Richard Erichsen$0507255 801 0$aIT$bUNINA$gRICA$2UNIMARC 901 $aBK 912 $a990009165040403321 952 $aIG 15 B 36$b869$fDMIGI 959 $aDMIGI 996 $aFish and river pollution$9780206 997 $aUNINA LEADER 00997nam--2200361---450- 001 990002034620203316 005 20040928163114.0 035 $a000203462 035 $aUSA01000203462 035 $a(ALEPH)000203462USA01 035 $a000203462 100 $a20040928d1978----km-y0itay0103----ba 101 0 $aita 102 $aIT 105 $a||||||||001yy 200 1 $aP.-J. Proudhon$fPierre Ansart 210 $aMilano$cLa Pietra$d1978 215 $a280 p.$d21 cm 225 2 $a<> filo rosso del movimento operaio$v12 410 0$12001$a<> filo rosso del movimento operaio$v12 454 1$12001 461 1$1001-------$12001 600 1 $aProudhon,$bPierre Joseph 676 $a335.2 700 1$aANSART,$bPierre$0125057 801 0$aIT$bsalbc$gISBD 912 $a990002034620203316 951 $aColl. FBU 1$b48963 G.$cColl. FBU 959 $aBK 969 $aGIU 979 $aSIAVPROV$b10$c20040928$lUSA01$h1631 996 $aP.-J. Proudhon$91040238 997 $aUNISA